000
00297 a2200121 4500
000
nam a22 7a 4500
005
20260305095223.0
020
_a
9385538513
100
_a
Bhagwatilal Purohit
_9
1123532
245
_a
Bhujbal nibandh
260
_b
Gyanbharati Publications
_c
2022
942
_c
TEXL
999
_c
1688437
_d
1688437